Comunicación empresarial : (Registro nro. 25045)

Detalles MARC
000 -LEADER
fixed length control field 01248nam a2200301 4500
001 - CONTROL NUMBER
control field 0000021787
003 - CONTROL NUMBER IDENTIFIER
control field CO-CtgCURN
005 - DATE AND TIME OF LATEST TRANSACTION
control field 20250331185257.0
007 - PHYSICAL DESCRIPTION FIXED FIELD--GENERAL INFORMATION
fixed length control field ta
008 - FIXED-LENGTH DATA ELEMENTS--GENERAL INFORMATION
fixed length control field 160627s2007 000 0 eng d
020 ## - INTERNATIONAL STANDARD BOOK NUMBER
International Standard Book Number 9586484599
040 ## - CATALOGING SOURCE
Original cataloging agency CO-CtgCURN
Language of cataloging spa
Transcribing agency coctgcurn
082 0# - DEWEY DECIMAL CLASSIFICATION NUMBER
Classification number 658.45
Item number C741
245 00 - TITLE STATEMENT
Title Comunicación empresarial :
Remainder of title plan estrategico como herramienta gerencial /
Statement of responsibility, etc. Adriana Patricia Guzmán de Reyes ... [et al.].
260 ## - PUBLICATION, DISTRIBUTION, ETC.
Place of publication, distribution, etc. Bogotá :
Name of publisher, distributor, etc. Ecoe Ediciones,
Date of publication, distribution, etc. 2007.
300 ## - PHYSICAL DESCRIPTION
Extent xiv, 227 p.
336 ## - CONTENT TYPE
Source rdacontent
337 ## - MEDIA TYPE
Source rdamedia
Media type term sin mediacion
Media type code n
338 ## - CARRIER TYPE
Source rdacarrier
Carrier type term volumen
Carrier type code nc
490 1# - SERIES STATEMENT
Series statement Textos universitarios. Administración
504 ## - BIBLIOGRAPHY, ETC. NOTE
Bibliography, etc. note Bibliografia (p. 225-227)
505 8# - FORMATTED CONTENTS NOTE
Formatted contents note El comunicador y la organizacion.--Humanizar la comunicación.--El plan no es la estrategia y otros conceptos fundamentales.--Ejecucion del plan estrategico de comunicaciones de la planeacion a la Acción con exito.--Análisis estrategico del entorno competitivo
650 14 - SUBJECT ADDED ENTRY--TOPICAL TERM
Topical term or geographic name entry element Comunicación en Administración.
700 1# - ADDED ENTRY--PERSONAL NAME
Personal name Guzmán de Reyes, Adriana Patricia.
908 ## - PUT COMMAND PARAMETER (RLIN)
Put command parameter 160627
942 ## - ADDED ENTRY ELEMENTS (KOHA)
Koha item type Libros
Classification part 658.45
Item part C741
Source of classification or shelving scheme Dewey Decimal Classification
Existencias
Withdrawn status Lost status Source of classification or shelving scheme Damaged status Not for loan Collection Home library Current library Shelving location Date acquired Inventory number Total checkouts Full call number Barcode Date last seen Price effective from Koha item type Public note
    Dewey Decimal Classification     General Miguel Henríquez Castañeda Miguel Henríquez Castañeda General 03/31/2025 013605   658.45 C741 013605 03/31/2025 03/31/2025 Libros 650-ADMINS